Cuba : Socialism and development
Gespeichert in:
| 1. Verfasser: | |
|---|---|
| Format: | Buch |
| Sprache: | Undetermined |
| Veröffentlicht: |
New York
Grove Press
1970
|
| Schlagworte: | |
| Tags: |
Tag hinzufügen
Keine Tags, Fügen Sie den ersten Tag hinzu!
|
| Thư viện lưu trữ: | Trung tâm Học liệu Trường Đại học Cần Thơ |
|---|
| LEADER | 00549nam a2200217Ia 4500 | ||
|---|---|---|---|
| 001 | CTU_98762 | ||
| 008 | 210402s9999 xx 000 0 und d | ||
| 082 | |a 330.97 | ||
| 082 | |b D893 | ||
| 100 | |a Dumont, René | ||
| 245 | 0 | |a Cuba : | |
| 245 | 0 | |b Socialism and development | |
| 245 | 0 | |c René Dumont | |
| 260 | |a New York | ||
| 260 | |b Grove Press | ||
| 260 | |c 1970 | ||
| 650 | |a Communism,Economic conditions | ||
| 650 | |y 1959-1990 | ||
| 650 | |z Cuba,Cuba | ||
| 904 | |i Giang | ||
| 980 | |a Trung tâm Học liệu Trường Đại học Cần Thơ | ||